Mięśnie podudzia - Statystyki

Ogólne statystyki
  • Ten quiz został rozwiązany 31 razy
  • Średni wynik to 8 z 13
Statystyki odpowiedzi
Hint Odpowiedź % Poprawnych
tył brzuchaty łydki
93%
przód piszczelowy przedni
93%
tył płaszczkowaty
79%
tył piszczelowy tylny
64%
przód strzałkowy długi
64%
przód strzałkowy krótki
64%
tył podkolanowy
57%
tył zginacz długi palców
57%
tył zginacz długi palucha
57%
tył podeszwowy
50%
przód prostownik długi palców
50%
przód prostownik długi palucha
43%
przód strzałkowy trzeci
36%
Nie znaleziono quizów pasujących do podanych kryteriów
Rozkład punktacji
Procent ludzi z każdym wynikiem
Percentyl według liczby udzielonych odpowiedzi
Twoja historia wyników
Nie rozwiązałeś tego quizu